Is There a One-Size-Fits-All Approach to Inclusive Growth? : A Case Study Analysis /

Is there a one-size-fits-all approach to inclusive growth? We look at four key case studies across advanced and emerging markets-the Nordics, India, Brazil, and Egypt-to try to answer this question. We highlight qualitatively in these countries the key components of inclusive growth models, outcomes...

Descrizione completa

Dettagli Bibliografici
Autore principale: Balasubramanian, Sriram
Altri autori: Bounader, Lahcen, Bricco, Jana, Vasilyev, Dmitry
Natura: Periodico
Lingua:English
Pubblicazione: Washington, D.C. : International Monetary Fund, 2021.
Serie:IMF Working Papers; Working Paper ; No. 2021/111
Soggetti:
Accesso online:Full text available on IMF
LEADER 02328cas a2200337 a 4500
001 AALejournalIMF021679
008 230101c9999 xx r poo 0 0eng d
020 |c 5.00 USD 
020 |z 9781513582368 
022 |a 1018-5941 
040 |a BD-DhAAL  |c BD-DhAAL 
100 1 |a Balasubramanian, Sriram. 
245 1 0 |a Is There a One-Size-Fits-All Approach to Inclusive Growth? :   |b A Case Study Analysis /  |c Sriram Balasubramanian, Lahcen Bounader, Jana Bricco, Dmitry Vasilyev. 
264 1 |a Washington, D.C. :  |b International Monetary Fund,  |c 2021. 
300 |a 1 online resource (39 pages) 
490 1 |a IMF Working Papers 
500 |a <strong>Off-Campus Access:</strong> No User ID or Password Required 
500 |a <strong>On-Campus Access:</strong> No User ID or Password Required 
506 |a Electronic access restricted to authorized BRAC University faculty, staff and students 
520 3 |a Is there a one-size-fits-all approach to inclusive growth? We look at four key case studies across advanced and emerging markets-the Nordics, India, Brazil, and Egypt-to try to answer this question. We highlight qualitatively in these countries the key components of inclusive growth models, outcomes from these models, and the road ahead in the respective countries. Some of the analysis focuses on co-operative labor markets in the Nordics, direct benefit transfers in India, the role of social assistance and commodity boom in Brazil, and the inequality puzzle in Egypt. The paper finds that there is a lack of homogeneity among the approaches by these countries and identifies the need for customized solutions to inclusive growth. A one-size-fits-all approach doesn't seem to work. The more customized the inclusive growth model, the better the overall outcome. 
538 |a Mode of access: Internet 
650 7 |a Aggregate Factor Income Distribution  |2 imf 
650 7 |a Economic Growth and Aggregate Productivity  |2 imf 
650 7 |a Foreign Exchange  |2 imf 
650 7 |a Informal Economy  |2 imf 
650 7 |a Underground Econom  |2 imf 
700 1 |a Bounader, Lahcen. 
700 1 |a Bricco, Jana. 
700 1 |a Vasilyev, Dmitry. 
830 0 |a IMF Working Papers; Working Paper ;  |v No. 2021/111 
856 4 0 |z Full text available on IMF  |u http://elibrary.imf.org/view/journals/001/2021/111/001.2021.issue-111-en.xml  |z IMF e-Library